Cours de pédagogie, à l'usage des écoles normales primaires de France

Gespeichert in:
Bibliographische Detailangaben
1. Verfasser: RENDU [Ambroise], fils Directeur de l'école primaire supérieure de Bruxelles
Weitere Verfasser: PIETERSZ, J. [augmenté, préface]
Format: keine Angabe
Sprache:Französisch
Erschienen: Bruxelles Librairie de Deprez-Parent/Imprimerie de F. Parent 1847
Ausgabe:seconde édition, augmentée des documents officiels relatifs à l'instruction primaire, qui sont d'un intérêt permanent et général
Katalog:MANES:  Suchergebnis im Bibliothekskatalog
Schulbuchspezifische Eigenschaften:
Schlagworte:
Tags: Tag hinzufügen
Keine Tags, Fügen Sie den ersten Tag hinzu!
Hinzugefügt zu:26.04.2016

MARC

LEADER 000000000a22000000004500
001 22218
008 160427s be ||||| |||| 00| 0 fre d
040 |a manes  |c manes 
041 |a Francés 
100 1 |a RENDU [Ambroise], fils  |c Directeur de l'école primaire supérieure de Bruxelles 
245 0 0 |a Cours de pédagogie, à l'usage des écoles normales primaires de France 
250 |a seconde édition, augmentée des documents officiels relatifs à l'instruction primaire, qui sont d'un intérêt permanent et général 
260 3 |a Bruxelles  |b Librairie de Deprez-Parent/Imprimerie de F. Parent  |c 1847 
300 |a XXVII+323 p. 
500 |a Approprié à la Belgique et augmenté de notes et préfaces par J. Pietersz (...)/Avec un avant-propos de la deuxième édition belge  |a CaA, 1841  |a Libro para la formación de maestros 
546 |a Bélgica 
650 7 |a Pedagogía 
655 7 |a Secundaria 
700 1 |a PIETERSZ, J. [augmenté, préface] 
942 |2 ddc  |c BK 
999 |c 44546  |d 44546 
999 |c manes:44546  |d 44546